Verdi, la musique et le drame / (Record no. 172635)

MARC details
000 -LEADER
campo de control de longitud fija 00827nam a2200253 i 4500
001 - NÚMERO DE CONTROL
campo de control 172635
003 - IDENTIFICADOR DE NÚMERO DE CONTROL
campo de control ES-MaACL
005 - FECHA Y HORA DE LA ÚLTIMA TRANSACCIÓN
campo de control 20250522184211.0
007 - CAMPO FIJO DE DESCRIPCIÓN FÍSICA--INFORMACIÓN GENERAL
campo de control de longitud fija t|
008 - DATOS DE LONGITUD FIJA--INFORMACIÓN GENERAL
campo de control de longitud fija 090804s1986 fr ||||1| fre d
020 ## - NÚMERO INTERNACIONAL ESTÁNDAR DEL LIBRO
Número Internacional Estándar del Libro 2-07-053015-9
080 ## - NÚMERO DE LA CLASIFICACIÓN DECIMAL UNIVERSAL
Número de la Clasificación Decimal Universal 929 Verdi, Giuseppe
080 ## - NÚMERO DE LA CLASIFICACIÓN DECIMAL UNIVERSAL
Número de la Clasificación Decimal Universal 78 Verdi, Giuseppe
100 1# - ENTRADA PRINCIPAL--NOMBRE DE PERSONA
Nombre de persona Duault, Alain.
9 (RLIN) 141138
245 10 - MENCIÓN DEL TÍTULO
Título Verdi, la musique et le drame /
Mención de responsabilidad, etc. Alain Duault.
260 ## - PUBLICACIÓN, DISTRIBUCIÓN, ETC.
Lugar de publicación, distribución, etc. Paris :
Nombre del editor, distribuidor, etc. Gallimard,
Fecha de publicación, distribución, etc. 1986.
300 ## - DESCRIPCIÓN FÍSICA
Extensión 192 p. :
Otras características físicas il. col. y n. ;
Dimensiones 18 cm.
490 1# - MENCIÓN DE SERIE
Mención de serie Découvertes Gallimard. Musique ;
Designación de volumen o secuencia 9
500 ## - NOTA GENERAL
Nota general Índices.
600 04 - PUNTO DE ACCESO ADICIONAL DE MATERIA--NOMBRE DE PERSONA
Nombre de persona Verdi, Giuseppe,
Fechas asociadas al nombre 1813-1901-
Subdivisión general Biografías
9 (RLIN) 114031
830 0# - PUNTO DE ACCESO ADICIONAL DE SERIE-TÍTULO UNIFORME
Título uniforme Découvertes Gallimard. Musique ;
Designación de volumen o secuencia 9
9 (RLIN) 223405
852 4# - LOCALIZACIÓN
Ubicación ES-MaACL
Número de control de estantería E-12916
itemnumber R.139298
Nota libre . - Biblioteca Jacinto Martínez Lacalle
Holdings
Estatus retirado Estado de pérdida Estado de daño No para préstamo Biblioteca de origen Biblioteca actual Ubicación en estantería Fecha de adquisición Fuente de adquisición Total de préstamos Signatura topográfica completa Código de barras Visto por última vez Precio de reemplazo Tipo de ítem Koha
        Biblioteca del Ateneo de Madrid Biblioteca del Ateneo de Madrid Depósito 2 04/08/2009     E-12916 1181165 23/02/2023 23/02/2023 Libro impreso